00886nam a2200169 a 450000100100000000500170001000800410002704000250006808200150009310000240010824501340013226000570026630000350032350001500035895201910050899900170069900004616420201002052659.0150630s2004 dr ac 000 0 spa d aDO-SdBNPbspacBNPHU axxxxbxxxx1 aAbreu, Oscar97420510aHuellas :bla invención de lo visible /cOscar Abreu ; texto Marianne de Tolentino, Abil Peralta Agüero, Odalís G. Peréz. aSanto Domingo :bMuseo del Hombre Dominicano,c2004. a64 p. :bil., retrs. ;c23 cm. aPublicado conjuntamente con una exposición en el Museo del Hombre Dominicano, 04 al 20, 2004. "7ma Exposición individuo:. Pintura-escultura." 0010718PDaPDbPDcCTd2015-06-30iLF1l0oxxxx xxxxp46164-10r2020-06-25w2020-06-25yLFPDzPerteneció a la biblioteca personal de Chiqui Vicioso / Fidelio Despradel.ZNo se presta c45653d45653